Natural rubber-carbon black masterbatches from field latex. II. Effect of carbon black grinding (Record no. 63685)

MARC details
000 -LEADER
fixed length control field 00619nam a2200193Ia 4500
100 ## - MAIN ENTRY--AUTHOR NAME
Personal name Maidunny Zainul Abdin Bin
245 #0 - TITLE STATEMENT
Title Natural rubber-carbon black masterbatches from field latex. II. Effect of carbon black grinding
260 ## - PUBLICATION, DISTRIBUTION, ETC. (IMPRINT)
Name of publisher Journal of the Rubber Research Institute of Malaysia
Year of publication 1984
300 ## - PHYSICAL DESCRIPTION
Number of Pages 113-118
650 ## - SUBJECT ADDED ENTRY--TOPICAL TERM
Topical Term Carbon black
650 ## - SUBJECT ADDED ENTRY--TOPICAL TERM
Topical Term Masterbatch
650 ## - SUBJECT ADDED ENTRY--TOPICAL TERM
Topical Term Natural rubber
700 ## - ADDED ENTRY--PERSONAL NAME
Personal name Dulngali Sidek Bin
700 ## - ADDED ENTRY--PERSONAL NAME
Personal name Nor Mohd Raffali Bin Mohd
700 ## - ADDED ENTRY--PERSONAL NAME
Personal name Othman Sharif Bin
700 ## - ADDED ENTRY--PERSONAL NAME
Personal name Yaacob Wan Idris Bi Wan
942 ## - ADDED ENTRY ELEMENTS (KOHA)
Koha item type Journals
Holdings
Withdrawn status Lost status Damaged status Not for loan Home library Current library Shelving location Date acquired Serial Enumeration / chronology Koha item type
      Journals RRII Library RRII Library Rubber chemistry 17/12/2021 Volume 32, Issue 2 Journals